Analysis of cosmetic products

The first book in 20 years to be dedicated to Cosmetic Analysis.

Saved in:
Bibliographic Details
Other Authors Salvador, Amparo, Chisvert, Alberto
Format Electronic eBook
LanguageEnglish
Published Amsterdam ; London : Elsevier, 2007.
Subjects
Online AccessFull text
ISBN9780080475318
0080475310
9780444522603
0444522603
1281003832
9781281003836
9786611003838
6611003835
Physical Description1 online resource (xvii, 487 pages) : illustrations

Cover

LEADER 00000cam a2200000 a 4500
001 kn-ocn145728162
003 OCoLC
005 20240717213016.0
006 m o d
007 cr cn|||||||||
008 070627s2007 ne a ob 001 0 eng d
040 |a N$T  |b eng  |e pn  |c N$T  |d YDXCP  |d OCLCQ  |d TEX  |d OCLCQ  |d MERUC  |d KNOVL  |d OCLCQ  |d ZCU  |d KNOVL  |d OCLCF  |d KNOVL  |d OCLCQ  |d OPELS  |d BAKER  |d CDX  |d E7B  |d IDEBK  |d ZZAND  |d OCLCQ  |d STF  |d LOA  |d ICA  |d COCUF  |d OCLCQ  |d LVT  |d AGLDB  |d K6U  |d OCLCQ  |d PIFAG  |d FVL  |d OCLCQ  |d WRM  |d D6H  |d OCLCQ  |d VTS  |d RRP  |d NLE  |d INT  |d VT2  |d OCLCQ  |d UKMGB  |d WYU  |d OCLCQ  |d LEAUB  |d OL$  |d OCLCQ  |d UKCRE  |d VLY  |d OCLCO  |d OCLCQ  |d OCLCO  |d OCLCL  |d SXB 
020 |a 9780080475318  |q (electronic bk.) 
020 |a 0080475310  |q (electronic bk.) 
020 |a 9780444522603 
020 |a 0444522603 
020 |a 1281003832 
020 |a 9781281003836 
020 |a 9786611003838 
020 |a 6611003835 
035 |a (OCoLC)145728162  |z (OCoLC)162130284  |z (OCoLC)441777271  |z (OCoLC)648219124  |z (OCoLC)916414991  |z (OCoLC)962189159  |z (OCoLC)972085015  |z (OCoLC)991899355  |z (OCoLC)992502969  |z (OCoLC)1037708267  |z (OCoLC)1038688144  |z (OCoLC)1055356610  |z (OCoLC)1065908736  |z (OCoLC)1081219607  |z (OCoLC)1153550471  |z (OCoLC)1162541548  |z (OCoLC)1241754150  |z (OCoLC)1290084982  |z (OCoLC)1300597631 
245 0 0 |a Analysis of cosmetic products /  |c edited by Amparo Salvador and Alberto Chisvert. 
260 |a Amsterdam ;  |a London :  |b Elsevier,  |c 2007. 
300 |a 1 online resource (xvii, 487 pages) :  |b illustrations 
336 |a text  |b txt  |2 rdacontent 
337 |a computer  |b c  |2 rdamedia 
338 |a online resource  |b cr  |2 rdacarrier 
500 |a Includes index. 
505 0 |a Front Cover; Analysis of Cosmetic Products; Copyright page; Contents; Preface; Foreword; Acknowledgements; List of Contributors; Part One: General Concepts and Cosmetic Legislation; Chapter 1. General Concepts and Cosmetic Legislation; Part Two: Main Ingredients in Cosmetics. Analytical Methods for Monitoring and Quality Control; Chapter 2. General Overview on Analytical Methods for Cosmetic Ingredients; Chapter 3. UV Filters in Sunscreens and other Cosmetics. Tanning and Whitening Agents. Analytical Methods; Chapter 4. Colouring Agents in Decorative and other Cosmetics. Analytical Methods. 
506 |a Plný text je dostupný pouze z IP adres počítačů Univerzity Tomáše Bati ve Zlíně nebo vzdáleným přístupem pro zaměstnance a studenty 
520 |a The first book in 20 years to be dedicated to Cosmetic Analysis. 
504 |a Includes bibliographical references and index. 
590 |a Knovel  |b Knovel (All titles) 
650 0 |a Cosmetics  |x Analysis. 
655 7 |a elektronické knihy  |7 fd186907  |2 czenas 
655 9 |a electronic books  |2 eczenas 
700 1 |a Salvador, Amparo. 
700 1 |a Chisvert, Alberto. 
776 0 8 |i Print version:  |t Analysis of cosmetic products.  |d Amsterdam ; London : Elsevier, 2007  |z 9780444522603  |z 0444522603  |w (OCoLC)76798118 
856 4 0 |u https://proxy.k.utb.cz/login?url=https://app.knovel.com/hotlink/toc/id:kpACP00005/analysis-of-cosmetic?kpromoter=marc  |y Full text